<?xml version="1.0" encoding="UTF-8"?>
<record
    xmlns:xsi="http://www.w3.org/2001/XMLSchema-instance"
    xsi:schemaLocation="http://www.loc.gov/MARC21/slim http://www.loc.gov/standards/marcxml/schema/MARC21slim.xsd"
    xmlns="http://www.loc.gov/MARC21/slim">

  <leader>00728naa a2200217uuc4500</leader>
  <controlfield tag="001">1167209</controlfield>
  <controlfield tag="005">20251015090024.0</controlfield>
  <controlfield tag="008">090907s2006                        spa  </controlfield>
  <datafield tag="035" ind1=" " ind2=" ">
    <subfield code="a">1167209</subfield>
  </datafield>
  <datafield tag="040" ind1=" " ind2=" ">
    <subfield code="c">comduadb</subfield>
  </datafield>
  <datafield tag="041" ind1=" " ind2=" ">
    <subfield code="a">spa</subfield>
  </datafield>
  <datafield tag="080" ind1=" " ind2=" ">
    <subfield code="a">K</subfield>
  </datafield>
  <datafield tag="100" ind1="1" ind2="0">
    <subfield code="a">Greiff, Pablo de,</subfield>
    <subfield code="d">1963-</subfield>
    <subfield code="4">aut</subfield>
    <subfield code="0">(isni)0000  0001 0865 2984</subfield>
    <subfield code="0">(viaf)5095199</subfield>
    <subfield code="e">aut</subfield>
    <subfield code="9">355345</subfield>
  </datafield>
  <datafield tag="245" ind1="1" ind2="0">
    <subfield code="a">Enfrentar el pasado : reparaciones por abusos graves a los derechos humanos</subfield>
  </datafield>
  <datafield tag="260" ind1=" " ind2=" ">
    <subfield code="c">2006.</subfield>
  </datafield>
  <datafield tag="300" ind1=" " ind2=" ">
    <subfield code="a">p. 204-241</subfield>
  </datafield>
  <datafield tag="650" ind1=" " ind2="7">
    <subfield code="a">Reparaci&#xF3;n (Justicia penal)</subfield>
    <subfield code="2">armarc</subfield>
    <subfield code="9">151378</subfield>
  </datafield>
  <datafield tag="650" ind1=" " ind2="7">
    <subfield code="a">V&#xED;ctimas de guerra</subfield>
    <subfield code="2">lemb</subfield>
    <subfield code="9">52724</subfield>
  </datafield>
  <datafield tag="773" ind1="0" ind2=" ">
    <subfield code="t">Justicia transicional : teor&#xED;a y praxis</subfield>
    <subfield code="w">1029216</subfield>
    <subfield code="z">9588298113</subfield>
    <subfield code="w">(OCoLC)318372476</subfield>
    <subfield code="0">427335</subfield>
  </datafield>
  <datafield tag="942" ind1=" " ind2=" ">
    <subfield code="c">BKCAP</subfield>
    <subfield code="n">0</subfield>
  </datafield>
  <datafield tag="999" ind1=" " ind2=" ">
    <subfield code="c">525929</subfield>
    <subfield code="d">525929</subfield>
  </datafield>
</record>
